<?xml version="1.0" encoding="UTF-8"?>
<record
    xmlns:xsi="http://www.w3.org/2001/XMLSchema-instance"
    xsi:schemaLocation="http://www.loc.gov/MARC21/slim http://www.loc.gov/standards/marcxml/schema/MARC21slim.xsd"
    xmlns="http://www.loc.gov/MARC21/slim">

  <leader>04599nam a2200409 a 4500</leader>
  <controlfield tag="003">CHAP</controlfield>
  <controlfield tag="005">20250127090712.0</controlfield>
  <controlfield tag="007">ta</controlfield>
  <controlfield tag="008">240419s2024    mx do||fom||| 001 0 spa d</controlfield>
  <datafield tag="040" ind1=" " ind2=" ">
    <subfield code="e">rda</subfield>
  </datafield>
  <datafield tag="041" ind1=" " ind2=" ">
    <subfield code="a">spa</subfield>
    <subfield code="b">eng</subfield>
  </datafield>
  <datafield tag="100" ind1="1" ind2=" ">
    <subfield code="9">161602</subfield>
    <subfield code="a">Buend&#xED;a Corona, Isabel</subfield>
  </datafield>
  <datafield tag="245" ind1="1" ind2="0">
    <subfield code="a">Control de Rhizopus stolonifer mediante vapores de aceite esencial de pirul encapsulado /</subfield>
    <subfield code="c">Isabel Buend&#xED;a Corona </subfield>
  </datafield>
  <datafield tag="264" ind1=" " ind2="1">
    <subfield code="a">Chapingo, M&#xE9;xico :</subfield>
    <subfield code="b">El autor,</subfield>
    <subfield code="c">2024</subfield>
  </datafield>
  <datafield tag="300" ind1=" " ind2=" ">
    <subfield code="a">1 recurso en l&#xED;nea (x, 48 p&#xE1;ginas) :</subfield>
    <subfield code="b">graficas, tablas, fotos</subfield>
  </datafield>
  <datafield tag="336" ind1=" " ind2=" ">
    <subfield code="2">rdacontent</subfield>
    <subfield code="a">texto</subfield>
    <subfield code="b">txt</subfield>
  </datafield>
  <datafield tag="337" ind1=" " ind2=" ">
    <subfield code="2">rdamedia</subfield>
    <subfield code="a">computadora</subfield>
    <subfield code="b">c</subfield>
  </datafield>
  <datafield tag="338" ind1=" " ind2=" ">
    <subfield code="2">rdacarrier</subfield>
    <subfield code="a">recurso en l&#xED;nea</subfield>
    <subfield code="b">cr</subfield>
  </datafield>
  <datafield tag="502" ind1=" " ind2=" ">
    <subfield code="a">Tesis</subfield>
    <subfield code="b">IA</subfield>
    <subfield code="c">Agroindustrias</subfield>
    <subfield code="d">2024.</subfield>
    <subfield code="g">LIC</subfield>
  </datafield>
  <datafield tag="504" ind1=" " ind2=" ">
    <subfield code="a">Bibliograf&#xED;a: p&#xE1;ginas 42-44.</subfield>
  </datafield>
  <datafield tag="520" ind1="3" ind2=" ">
    <subfield code="a">Rhizopus stolonifer es un hongo fitopat&#xF3;geno causante de la pudrici&#xF3;n blanda en cultivos con una fuerte importancia econ&#xF3;mica. El control de este hongo es por medio de productos qu&#xED;micos, pero el uso excesivo e inadecuado de ellos ha provocado la resistencia de la cepa, adem&#xE1;s de las implicaciones de riesgo a la salud humana y el da&#xF1;o ambiental. Por todo ello, se han buscado otras alternativas de control como los aceites esenciales y es motivo de investigaci&#xF3;n en el presente trabajo creando un sistema liberaci&#xF3;n con vermiculita y aceite esencial de pirul, utilizando la t&#xE9;cnica de encapsulamiento por medio de gelificaci&#xF3;n i&#xF3;nica. Se realizaron dos cin&#xE9;ticas de liberaci&#xF3;n del sistema contrastando los m&#xE9;todos de espectrofotometr&#xED;a (medici&#xF3;n de absorbancia) y espectrometr&#xED;a de masas (medici&#xF3;n del n&#xFA;mero de iones). Adem&#xE1;s, se realiz&#xF3; la identificaci&#xF3;n de la cepa de Rhizopus stolonifer mediante ITS y secuenciaci&#xF3;n. Finalmente se realizaron pruebas de inhibici&#xF3;n de Rhizopus stolonifer in vitro y con el sistema de liberaci&#xF3;n de aceite esencial de pirul. Contrastando ambos m&#xE9;todos de monitoreo para la cin&#xE9;tica de liberaci&#xF3;n, se determin&#xF3; que el m&#xE1;s optimo es por espectrometr&#xED;a de masas, por su capacidad de medici&#xF3;n de cantidades traza de los compuestos del aceite esencial de pirul. Por otro lado, el aceite esencial de pirul tiene efectos de inhibici&#xF3;n in vitro en Rhizopus stolonifer a concentraciones de 3%, mientras que el sistema de liberaci&#xF3;n tiene efectos con una concentraci&#xF3;n de 7%. --</subfield>
  </datafield>
  <datafield tag="520" ind1="3" ind2=" ">
    <subfield code="a">Rhizopus stolonifer is a phytopathogenic fungus that causes soft rot in crops with strong economic importance. The control of this fungus is through chemical products, but the excessive and inappropriate use of them has caused resistance of the strain, in addition to the risk implications for human health and environmental damage. For all these reasons, other control alternatives such as essential oils have been sought and is the subject of research in the present work, creating a release system with vermiculite and pine nut essential oil, using the encapsulation technique through ionic gelation. Two release kinetics of the system were carried out contrasting the methods of spectrophotometry (absorbance measurement) and mass spectrometry (measurement of the number of ions). In addition, the identification of the Rhizopus stolonifer strain was carried out by ITS and sequencing. Finally, Rhizopus stolonifer inhibition tests were carried out in vitro and with the pirul essential oil release system. Contrasting both monitoring methods for release kinetics, it was determined that the most optimal is by mass spectrometry, due to its ability to measure trace amounts of the compounds in the essential oil of pirul. On the other hand, pirul essential oil has in vitro inhibition effects on Rhizopus stolonifer at concentrations of 3%, while the release system has effects at a concentration of 7%.</subfield>
  </datafield>
  <datafield tag="650" ind1="1" ind2="3">
    <subfield code="9">188960</subfield>
    <subfield code="a">Rhizopus Stolonifer</subfield>
    <subfield code="x">Control</subfield>
    <subfield code="2">atg</subfield>
  </datafield>
  <datafield tag="650" ind1="1" ind2="3">
    <subfield code="9">131844</subfield>
    <subfield code="a">Aceites esenciales</subfield>
    <subfield code="x">Fungicidas</subfield>
    <subfield code="2">atg</subfield>
  </datafield>
  <datafield tag="650" ind1="1" ind2="3">
    <subfield code="9">136847</subfield>
    <subfield code="a">Aceites esenciales</subfield>
    <subfield code="x">Encapsulaci&#xF3;n</subfield>
    <subfield code="2">atg</subfield>
  </datafield>
  <datafield tag="650" ind1="1" ind2="3">
    <subfield code="9">163266</subfield>
    <subfield code="a">Schinus molle </subfield>
    <subfield code="x">Aceites esenciales  </subfield>
    <subfield code="2">atg</subfield>
  </datafield>
  <datafield tag="650" ind1="1" ind2="3">
    <subfield code="9">159816</subfield>
    <subfield code="a">Agentes antif&#xFA;ngicos  </subfield>
    <subfield code="2">atg</subfield>
  </datafield>
  <datafield tag="650" ind1="1" ind2="3">
    <subfield code="9">158634</subfield>
    <subfield code="a">Essential oils</subfield>
    <subfield code="x">Fungicides</subfield>
    <subfield code="2">atg</subfield>
  </datafield>
  <datafield tag="650" ind1="1" ind2="3">
    <subfield code="9">158634</subfield>
    <subfield code="a">Essential oils</subfield>
    <subfield code="x">Encapsulation</subfield>
    <subfield code="2">atg</subfield>
  </datafield>
  <datafield tag="650" ind1="1" ind2="3">
    <subfield code="9">163267</subfield>
    <subfield code="a">Schinus molle </subfield>
    <subfield code="x">Essential oils  </subfield>
    <subfield code="2">atg</subfield>
  </datafield>
  <datafield tag="650" ind1="1" ind2="3">
    <subfield code="9">159817</subfield>
    <subfield code="a">Antifungal agents</subfield>
    <subfield code="2">atg</subfield>
  </datafield>
  <datafield tag="700" ind1="1" ind2=" ">
    <subfield code="9">151202</subfield>
    <subfield code="a">Valle Guadarrama, Salvador</subfield>
    <subfield code="e">director</subfield>
  </datafield>
  <datafield tag="700" ind1="1" ind2=" ">
    <subfield code="9">147645</subfield>
    <subfield code="a">G&#xF3;mez Cruz, Adalberto</subfield>
    <subfield code="e">asesor</subfield>
  </datafield>
  <datafield tag="700" ind1="1" ind2=" ">
    <subfield code="9">151810</subfield>
    <subfield code="a">Sandoval Castilla, Ofelia</subfield>
    <subfield code="e">asesora</subfield>
  </datafield>
  <datafield tag="856" ind1="4" ind2="0">
    <subfield code="u">http://10.13.5.2/tesis/tl/1310250-5_BUENDIA_CORONA_ISABEL.pdf</subfield>
    <subfield code="z">DESCARGAR PDF</subfield>
  </datafield>
  <datafield tag="942" ind1=" " ind2=" ">
    <subfield code="2">Clasificaci&#xF3;n Universidad Aut&#xF3;noma Chapingo</subfield>
    <subfield code="c">TD</subfield>
  </datafield>
  <datafield tag="999" ind1=" " ind2=" ">
    <subfield code="c">219861</subfield>
    <subfield code="d">219861</subfield>
  </datafield>
  <datafield tag="952" ind1=" " ind2=" ">
    <subfield code="0">0</subfield>
    <subfield code="1">0</subfield>
    <subfield code="2">local</subfield>
    <subfield code="4">0</subfield>
    <subfield code="7">0</subfield>
    <subfield code="8">TesDigL</subfield>
    <subfield code="a">IA_</subfield>
    <subfield code="b">IA_</subfield>
    <subfield code="c">E_L</subfield>
    <subfield code="d">2024-04-19</subfield>
    <subfield code="e">El autor</subfield>
    <subfield code="l">0</subfield>
    <subfield code="p">1201013845</subfield>
    <subfield code="r">2024-04-19 00:00:00</subfield>
    <subfield code="w">2024-04-19</subfield>
    <subfield code="y">TD</subfield>
  </datafield>
</record>
